L'epitome Gai: studio sul tardo diritto romano in occidente

Zapisane w:
Opis bibliograficzny
1. autor: Archi, Gian Gualberto (Autor)
Format: Książka
Język:włoski
Wydane: Nápoles Jovene 1991
Seria:Antiqva,61
Hasła przedmiotowe:
Etykiety: Dodaj etykietę
Nie ma etykietki, Dołącz pierwszą etykiete!

MARC

LEADER 00000nam a2200000 a 4500
001 UCO5173
003 CL-VaPUC
008 000825e19910000IT |||||||||||||||||ita|d
082 0 4 |a 340.54  |b ARC  |2 21 
100 0 |a Archi, Gian Gualberto  |e author  |9 449940 
245 1 2 |a L'epitome Gai: studio sul tardo diritto romano in occidente 
300 |a 455 p 
942 |c BK 
945 |d 20000825 00:00:00  |a cmena 
260 |a Nápoles  |b Jovene  |c 1991 
600 0 |a Gayo  |9 395807 
650 0 |a Derecho romano  |9 255930 
583 |a last modification  |c 20000825 00:00:00  |k Rodrigo Vera 
490 0 |a Antiqva,61 
999 |c 291122  |d 291120 
952 |0 0  |1 0  |4 0  |6 340_540000000000000_ARC_1991  |7 0  |8 DER_ROM  |9 340814  |a BIBDER  |b BIBDER  |d 2019-11-20  |i 3592081  |l 8  |o 340.54 ARC 1991  |p 3592081  |r 2023-01-25  |s 2021-08-30  |w 2019-11-20  |x Ubicación 4to piso  |y BK  |z Este recurso debe solicitarse con anticipación  |k DER